| 000 | 01389nam a2200217 a 4500 | ||
|---|---|---|---|
| 001 | 000048374 | ||
| 003 | OSt | ||
| 005 | 20201209101834.0 | ||
| 008 | 190218s2018 dr 00 0 spa d | ||
| 020 | _a9789945585469 | ||
| 040 |
_aDO-SdBNP _bspa _cBNPHU |
||
| 110 | 1 |
_aRepública Dominicana. _bPoder Judicial _915992 |
|
| 245 | 1 | 0 |
_aProductos de la cumbre judicial Iberoamericana / _ccoordinación general Gloria Cecilia Cuello, Rosa M. Reynoso Robiou. |
| 260 |
_aSanto Domingo : _b Poder Jucial : Cumbre Judicial Iberoamericana, _c2018. |
||
| 300 |
_a175 p. ; _c22 cm. |
||
| 505 | 0 |
_tEstatuto del Juez Iberoamericano -- _tCarta de los derechos de las personas ante la justicia -- _tCódigo modelo Iberoamericano de ética judicial -- _t100 reglas de Brasilia sobre acceso a la justicia de las personas en condición de vulnerabilidad -- _tDecálogo Iberoamericano de la justicia de Calidad -- _tCarta Iberoamericana de derechos de las víctimas -- _tDecálogo iberoamericano de justicia juvenil restaurativa -- _tDeclaración judicial iberoamericana sobre justicia ciudadana y participativa -- _t Principios y recomendaciones para la promoción de la justicia abierta en los poderes, órganos y organismos judiciales iberoamericanos. |
|
| 590 | _aInventariado, 2019/ YL | ||
| 700 | 1 | 2 |
_aCuello, Gloria Cecilia _ecoord. _955716 |
| 700 | 1 | 2 |
_aReynoso Robiou, rosa M. _ecoord. _975788 |
| 942 |
_2ddc _cLBS1 |
||
| 999 |
_c47862 _d47862 |
||